| 000 | 01369cam a2200349 i 4500 | ||
|---|---|---|---|
| 001 | 18466548 | ||
| 003 | OSt | ||
| 005 | 20260219065047.0 | ||
| 008 | 141103s2014 ii b 000 0 eng d | ||
| 010 | _a 2014360818 | ||
| 020 | _a9789382277965 | ||
| 020 | _a938227796X | ||
| 025 | _aI-E-2014-360818; 71-92 | ||
| 035 | _a18466548 | ||
| 035 | _a(OCoLC)895112166 | ||
| 037 | _bLibrary of Congress -- New Delhi Overseas Office | ||
| 040 |
_aDKAGE _beng _erda _cDKAGE _dUKMGB _dDLC |
||
| 042 |
_alccopycat _alcode |
||
| 043 | _aa-ii--- | ||
| 082 | 0 | 4 | _a323.4 SET |
| 100 | _aSeth, Leila | ||
| 245 | 1 | 0 |
_aTalking of justice : _bpeople's rights in modern India / _cLeila Seth |
| 264 | 1 |
_aNew Delhi : _bAleph Book Company, _c2014. |
|
| 300 |
_axiii, 214 p. ; _c23 cm |
||
| 505 | _aAuthor's Note: 1. Rape: Inside the Justice Verma Committee; 2. Gender Sensitization of the Judiciary; 3. social Action Litigation; 4. Women's Rights; 5. A Uniform Civil Code towards Gender Justice; 6. Children's Rights; 7. Widow's Rights; 8. Prisoners' Rights; 9. Judicial Administration; 10. You're a criminal if Gay; | ||
| 650 | 0 |
_aJustice, Administration of _zIndia. |
|
| 650 | 0 |
_aCivil rights _zIndia. |
|
| 650 | 0 |
_aLaw reform _zIndia. |
|
| 906 |
_a7 _bcbc _ccopycat _d2 _encip _f20 _gy-gencatlg |
||
| 942 |
_2ddc _cBK |
||
| 999 |
_c115421 _d115421 |
||